Представление документа в формате RUSMARC

ПолеНазваниеЗначение
  Тип записи a
  Библиографический уровень m
001 Контрольный номер UONB/MAIN/f9f1d87488274cdbb33a587796397c40
005 Дата корректировки 20260512110511.5
010 Индекс ISBN __
d Цена 6 р. 10 к.
9 Тираж 650 экз.
b Уточнения в пер.
a ISBN 5-02-002009-5
100 Данные общей обработки __
a Данные общей обработки 20260512d1989 u y0rusy0189 ca
101 Язык документа 0_
a Язык текста rus
102 Страна публикации __
a Страна публикации RU
105 Кодированные данные (монография) __
a Кодированные данные (монография) a z 001yy
200 Заглавие и сведения об ответственности 1_
a Заглавие Экспериментальная тектоника
e Сведения, относящиеся к заглавию методы, результаты, перспективы
e Сведения, относящиеся к заглавию сборник научных трудов
f Первые сведения об ответственности Академия наук СССР, Отделение геологии, геофизики, геохимии и горных наук, Междуведомственный тектонический комитет
g Последующие сведения об ответственности ответственный редактор А. В. Лукьянов
203 Вид содержания и тип средства __
a Вид содержания Текст
b Характеристика содержания визуальный
c Тип средства непосредственный
210 Выходные данные 1_
a Место издания Москва
c Издательство Наука
d Дата издания 1989
215 Физическое описание __
a Объем 303, [1] с.
c Иллюстрации/тип воспроизводства ил., 1 л. портр.
d Формат 25 см
320 Библиография __
a Библиография Библиогр. в конце ст.
606 Тематические рубрики 0_
a Основная рубрика Тектоника экспериментальная
j Формальный подзаголовок Сборники
610 Ключевые слова 0_
a Ключевые слова тектоника; экспериментальная тектоника
675 Индекс УДК __
a Индекс УДК 551.422
686 Индексы других классификаций __
a Классификационный индекс 26.309
2 Код системы rubbk
702 Вторичная интеллектуальная ответственность _1
a Фамилия Лукьянов
b Имя (инициалы) А. В.
g Полное личное имя Алексей Владимирович
4 Код отношения 340
712 Наименование организации (Вторичная ответственность) 02
a Организация/ юрисдикция Междуведомственный тектонический комитет
4 Код отношения 570
801 Источник записи _0
a Страна RU
b Организация Ульяновская ОНБ
c Дата составления 20260512
g Правила каталогизации RCR
801 Источник записи _1
a Страна RU
b Организация Ульяновская ОНБ
c Дата составления 20260512
g Правила каталогизации RCR
901 Тип документа __
t Тип документа m
909 Создатель записи __
a Создатель записи Батталова
b Дата создания записи 20260512